Plaques d'immatriculation allemandes en A - Statistiques

Statistiques générales
  • Ce quiz a été pris 13 fois
  • Le résultat moyen est 5 sur 29
Statistiques - réponses
plaque land ville % Correct
AC Rhénanie-du-Nord-Westphalie Aachen
64%
A Bavière Augsburg
55%
AA Bade-Wurtemberg Aalen
18%
AW Rhénanie-Palatinat Ahrweiler
18%
AIC Bavière Aichach
18%
ALF Basse-Saxe Alfeld
18%
AK Rhénanie-Palatinat Altenkirchen
18%
Bavière Altötting
18%
AM Bavière Amberg
18%
ABI Saxe-Anhalt Anhalt-Bitterfeld
18%
ANK Mecklembourg-Poméranie-Occidentale Anklam
18%
AN Bavière Ansbach
18%
AP/APD Thuringe Apolda
18%
ARN Thuringe Arnstadt
18%
AB Bavière Aschaffenburg
18%
AUR Basse-Saxe Aurich
18%
AH Rhénanie-du-Nord-Westphalie Ahaus
9%
ABG Thuringe Altenburg
9%
AT Mecklembourg-Poméranie-Occidentale Altentreptow
9%
ALZ Bavière Alzenau
9%
AZ Rhénanie-Palatinat Alzey
9%
AS Bavière Amberg-Sulzbach
9%
ANG Brandebourg Angermünde
9%
ANA Saxe Annaberg-Buchholz
9%
ART Thuringe Artern
9%
ASL Saxe-Anhalt Aschersleben
9%
AU Saxe Aue
9%
AE Saxe Auerbach/Vogtl.
9%
AIB Bavière Bad Aibling
9%
Aucun quiz correspondant
Distribution des résultats
% des personnes avec chaque résultat
Percentile par nombre de réponses
Votre historique - résultats
Vous n’avez pas pris ce quiz